Normal view
MARC view
- Gerrard, Juliet. A
Entry Personal Name
001 - CONTROL NUMBER
- control field: 277
003 - CONTROL NUMBER IDENTIFIER
- control field: OSt
005 - DATE AND TIME OF LATEST TRANSACTION
- control field: 20160604151359.0
008 - FIXED-LENGTH DATA ELEMENTS
- fixed length control field: 160604|| aca||aabn | a|a d
040 ## - CATALOGING SOURCE
- Original cataloging agency: OSt
- Transcribing agency: OSt
100 ## - HEADING--PERSONAL NAME
- Personal name: Gerrard, Juliet. A
670 ## - SOURCE DATA FOUND
- Source citation: Work cat.: (OSt): Gerrard, Juliet. A, Protein Nanotechnology: protocols, Instrumentation, and Applications , 2013
